| 000 | 01686nam a2200265Ii 4500 | ||
|---|---|---|---|
| 008 | 221202s xx 000 0 und d | ||
| 100 | 1 |
_aGilliland, Anne J, _eauthor |
|
| 245 | 0 | _aResearch in the Archival Multiverse | |
| 264 | 1 |
_aClayton, Victoria, Australia _bMonash University Publishing _c2016 |
|
| 300 | _a1 online resource | ||
| 336 |
_atext _btxt _2rdacontent |
||
| 337 |
_acomputer _bc _2rdamedia |
||
| 338 |
_aonline resource _bcr _2rdacarrier |
||
| 490 | _aSocial Informatics | ||
| 520 | _aOver the past 15 years, the field of archival studies around the world has experienced unprecedented growth within the academy and within the profession, and archival studies graduate education programs today have among the highest enrolments in any information field. During the same period, there has also been unparalleled expansion and innovation in the diversity of methods and theories being applied in archival scholarship. Global in scope, Research in the Archival Multiverse compiles critical and reflective essays across a wide range of emerging research areas and interests in archival studies; it aims to provide current and future archival academics with a text addressing possible methods and theoretical frameworks that have been and might be used in archival scholarship and research. | ||
| 653 | _aArchival Methodology | ||
| 653 | _aArchival Practice | ||
| 653 | _aArchival Scholarship | ||
| 653 | _aArchival Studies | ||
| 653 | _aInformation Science | ||
| 700 | 1 | _aLau, Andrew J. | |
| 700 | 1 | _aMcKemmish, Sue | |
| 856 | _uhttps://library.oapen.org/bitstream/20.500.12657/31429/1/628143.pdfhttp://library.oapen.org/handle/20.500.12657/31429 | ||
| 942 | _cE-BOOK | ||
| 999 |
_c65205 _d65205 |
||